El reino mágico de los cuentos de animales / (Registro nro. 15404)

Detalles MARC
000 -LEADER
fixed length control field 01095nam a22002417a 4500
003 - CONTROL NUMBER IDENTIFIER
control field OSt
005 - DATE AND TIME OF LATEST TRANSACTION
control field 20210317110042.0
008 - FIXED-LENGTH DATA ELEMENTS--GENERAL INFORMATION
fixed length control field 210317b1999 ck a|||br|||| 00| 0 spa d
020 ## - INTERNATIONAL STANDARD BOOK NUMBER
International Standard Book Number 9586383180
040 ## - CATALOGING SOURCE
Original cataloging agency CO-JMCR
Transcribing agency CO-JMCR
041 0# - LANGUAGE CODE
Language code of text/sound track or separate title spa
082 04 - DEWEY DECIMAL CLASSIFICATION NUMBER
Classification number C /
Item number JARr
Edition number 23
100 1# - MAIN ENTRY--PERSONAL NAME
Personal name Jaramillo Muñoz, Héctor,
Relator term compilador
9 (RLIN) 36195
245 13 - TITLE STATEMENT
Title El reino mágico de los cuentos de animales /
Statement of responsibility, etc. recopilación y adaptación de textos, Héctor Jaramillo Muñoz ; ilustraciones Clarita Ochoa Vélez
250 ## - EDITION STATEMENT
Edition statement Primera edición
260 ## - PUBLICATION, DISTRIBUTION, ETC.
Place of publication, distribution, etc. Bogotá :
Name of publisher, distributor, etc. Editorial Colina,
Date of publication, distribution, etc. 1999
300 ## - PHYSICAL DESCRIPTION
Extent 87 páginas :
Other physical details ilustraciones a blanco y negro ;
Dimensions 31 cm.
505 0# - FORMATTED CONTENTS NOTE
Formatted contents note El gato con botas -- El rey de los animales -- Los tres cerditos -- Estrellita -- Las orejas de Tío Conejo -- El ruiseñor -- El mejor correo -- El patito feo -- Una travesura de pequeño Guatín -- Otra travesura de pequeño Guatín
650 14 - SUBJECT ADDED ENTRY--TOPICAL TERM
Topical term or geographic name entry element Cuentos infantiles
Form subdivision Colecciones
9 (RLIN) 36196
650 24 - SUBJECT ADDED ENTRY--TOPICAL TERM
Topical term or geographic name entry element Animales
Form subdivision Cuentos
-- Colecciones
9 (RLIN) 36197
700 1# - ADDED ENTRY--PERSONAL NAME
Personal name Ochoa Vélez, Clarita,
Relator term ilustradora
9 (RLIN) 36198
942 ## - ADDED ENTRY ELEMENTS (KOHA)
Source of classification or shelving scheme Dewey Decimal Classification
Koha item type Books
Existencias
Withdrawn status Lost status Source of classification or shelving scheme Damaged status Not for loan Collection code Home library Current library Date acquired Source of acquisition Total Checkouts Full call number Barcode Date last seen Date last checked out Copy number Price effective from Koha item type Public note
    Dewey Decimal Classification     Fiction Biblioteca Pública José María del Castillo y Rada Biblioteca Pública José María del Castillo y Rada 10/02/2020 Donación 3 C / JARr 201810882 03/25/2026 03/24/2026 Ej.1 03/17/2021 Books Exlibris: Algunas hojas coloreadas.